Sklářské hutě středověku na Českolipsku a Děčínsku

Titel: Sklářské hutě středověku na Českolipsku a Děčínsku : Část 2: Okres Děčín
Verfasser:
In: Bezděz, Band 8 (1999), Seite 51-95
alle Artikel anzeigen
Veröffentlicht: 1999
Format: Aufsatz
Sprache: Tschechisch
Kein Bild verfügbar
X
alg: 39310658
001A    $01999:11-11-16 
001B    $01999:28-04-17 $t15:33:04.000 
001C    $06050:19-11-16 $t22:31:01.000 
001D    $01999:11-11-16 
001U    $0utf8 
001X    $00 
002@    $0Aox 
003@    $0393106586 
007A    $0393106586 $aHEB 
007T    $0Herdp16774 
010@    $acze 
011@    $a1999 
021A    $aSklářské hutě středověku na Českolipsku a Děčínsku $dČást 2: Okres Děčín 
028A    $aGelnar $dMichal 
031A    $d8 $h51-95 $j1999 
037A    $aRés. něm. s. 94: Mittelalterliche Glashütten in der Region um Česká Lípa und Děčín. Teil 3. Kreis Děčín 
039B    $aIn $8--Abvc--. Bezděz. - Česká Lípa, 1990-. - ISSN 1211-9172 $x199900000080000949 $905908720X 
045T    $a7,41 

lok: 39310658 78

exp: 39310658 78 1 #EPN
201B/01 $026-11-17 $t01:49:29.000 
201U/01 $0utf8 
203@/01 $0789216906 
208@/01 $a11-11-16 $be 
209A/01 $a/ $f000 $x00 
220C/01 $aHerkunft: Hú Av Čr Praha 
244Z/01 $#Tschechien $#Tschechische Republik $#Tschechische Republik $#Tschechenland $#Tschechei Tschechien $#Česká Republika $#Czech Republic $#ČR $74303381-7 $8--Tg1--Tschechien $x01 $9086659812 
244Z/01 $2Trx $#Böhmen $#Bohemia $#Czechy $8--Trx--Čechy $x02 $9391188941 
244Z/01 $2Trx $#Tetschen Bezirk $8--Trx--Děčín$gokres $x03 $9391189433 
244Z/01 $2Trx $#klaasitootmine $#stiklo gamyba $#glas manufacturing $#üveggyártás $#hutnictwo szkła $#sklárstvo $#výroba skla $#produkcja szkła $8--Trx--Glasherstellung $x04 $9391367714 
244Z/01 $asoupisy skláren $x05 
244Z/01 $2Trx $8--Trx--Zeitschriftenaufsatz $x06 $9391384341 
247C/01 $82080>Marburg/Lahn, Herder-Institut, Forschungsbibliothek, Bibliographieportal $9336309341
LEADER 00000caa a22000002c 4500
001 393106586
003 DE-603
005 20170428153304.0
007 tu
008 161111s1999 xx |||| | u00||u|cze c
035 |a (DE-599)HEB393106586 
040 |a DE-603  |b ger  |c DE-603  |d DE-603 
041 |a cze 
084 |a 7,41  |2 ssgn 
100 1 |a Gelnar, Michal 
245 0 0 |a Sklářské hutě středověku na Českolipsku a Děčínsku  |b Část 2: Okres Děčín 
264 0 |c 1999 
500 |a Rés. něm. s. 94: Mittelalterliche Glashütten in der Region um Česká Lípa und Děčín. Teil 3. Kreis Děčín 
773 0 8 |i In  |t Bezděz  |d Česká Lípa, 1990-  |x 1211-9172  |g Band 8 (1999), Seite 51-95  |w (DE-603)05908720X  |w (DE-600)1136222-4 
924 0 |9 2080  |a (DE-603)789216906  |b DE-2080  |c HES  |d d  |g /